Gato de mercado /

Los gatos de casa tienen un solo nombre, tierno y gracioso, como Félix, Minina o Michifuz. No vienen y van sino que están en sus casas durmiendo o jugando y ocupándose de sus asuntos. Yo, en cambio, soy un gato de mercado.

Guardado en:
Autor Principal: Ayuni, Christian.
Formato: Libro
Publicado: Buenos Aires : SM, 2017.
Edición:1a ed. 1a reimp.
Series:El Barco de Vapor. Los Piratas ; 18
Materias:
Etiquetas: Agregar Etiqueta
Sin Etiquetas, Sea el primero en etiquetar este registro!
LEADER 00869nam a22002175a 4500
001 CEM.cems020781
008 240216s2017##################000#0#####d
005 20240216131737.0
245 1 0 |a Gato de mercado /  |c Christian Ayuni. 
250 |a 1a ed. 1a reimp. 
260 |a Buenos Aires :  |b SM,  |c 2017. 
300 |a 40 p. 
490 0 |a El Barco de Vapor. Los Piratas ;  |v 18 
520 |a Los gatos de casa tienen un solo nombre, tierno y gracioso, como Félix, Minina o Michifuz. No vienen y van sino que están en sus casas durmiendo o jugando y ocupándose de sus asuntos. Yo, en cambio, soy un gato de mercado. 
500 |a Para empezar a leer. 
020 |a 9789877313710 
100 1 |a Ayuni, Christian. 
653 |a Literatura peruana 
653 |a Literatura infantil 
653 |a Novela infantil 
859 |a CEMS  |b BIB. CEMS - Inicial y Primaria  |h Pe863.4  |i Ay96  |k IP  |p 6104  |t Ej. 1